000
00280nam a2200109Ia 4500
008
210107s9999 xx 000 0 und d
100
_a
UNESCO
245
0
_a
World guide to technical information and documentation services
260
_a
Paris
_b
UNESCO
300
_a
285
942
_c
BK
999
_c
11299
_d
11299